000 00673cam a22002413a 4500
001 28220
003 PGUSA
005 20140828083617.0
008 090228s2009||||xxu|||||s|||||000 | eng d
040 _aPGUSA
_beng
042 _adc
050 4 _aBF
100 1 _aFreud, Sigmund,
_d1856-1939
245 1 0 _aJenseits des Lustprinzips
_h[electronic resource] /
_cSigmund Freud
260 _bProject Gutenberg,
_c2009
506 _aPublic domain in the USA.
516 _aElectronic text
653 _aPsychoanalysis
653 _aPleasure principle (Psychology)
830 0 _aProject Gutenberg
_v28220
856 4 0 _uhttp://www.gutenberg.org/ebooks/28220
942 _cEB
999 _c257475
_d257475